Mây cuối chân trời

Zapisane w:
Opis bibliograficzny
1. autor: Nguyễn Trọng Oánh
Format: Książka
Język:Undetermined
Wydane: Hà Nội QĐND 2004
Hasła przedmiotowe:
Etykiety: Dodaj etykietę
Nie ma etykietki, Dołącz pierwszą etykiete!
Thư viện lưu trữ: Trung tâm Học liệu Trường Đại học Cần Thơ
LEADER 00514nam a2200193Ia 4500
001 CTU_62206
008 210402s9999 xx 000 0 und d
020 |b 40000 
082 |a 895.922334 
082 |b O.408 
100 |a Nguyễn Trọng Oánh 
245 0 |a Mây cuối chân trời 
245 0 |c Nguyễn Trọng Oánh 
260 |a Hà Nội 
260 |b QĐND 
260 |c 2004 
650 |a vietnamese fiction 
904 |i Minh 
980 |a Trung tâm Học liệu Trường Đại học Cần Thơ